Transport in the 1980-1990 decade
This book introduce transportation problems and the need forr change the impact of changes in society on the demand for passenger and freight transport, the impact of innovation on the supply of passenger transport, having regard to conventional and new techinques...
Gardado en:
| Autor Corporativo: | |
|---|---|
| Formato: | Libro |
| Idioma: | Undetermined |
| Publicado: |
Paris
CEMT
1974
|
| Những chủ đề: | |
| Các nhãn: |
Engadir etiqueta
Sen Etiquetas, Sexa o primeiro en etiquetar este rexistro!
|
| Thư viện lưu trữ: | Trung tâm Học liệu Trường Đại học Cần Thơ |
|---|
| LEADER | 00957nam a2200217Ia 4500 | ||
|---|---|---|---|
| 001 | CTU_222085 | ||
| 008 | 210402s9999 xx 000 0 und d | ||
| 082 | |a 380 | ||
| 082 | |b F469/Vol.1 | ||
| 110 | |a Fifth international symposium on theory and practice in transport economics | ||
| 245 | 0 | |a Transport in the 1980-1990 decade | |
| 245 | 0 | |c Fifth international symposium on theory and practice in transport economics | |
| 260 | |a Paris | ||
| 260 | |b CEMT | ||
| 260 | |c 1974 | ||
| 520 | |a This book introduce transportation problems and the need forr change the impact of changes in society on the demand for passenger and freight transport, the impact of innovation on the supply of passenger transport, having regard to conventional and new techinques... | ||
| 650 | |a Transportation,Vận chuyển | ||
| 650 | |x Congresses,Vận tải | ||
| 904 | |i Kim Tuyến | ||
| 910 | |a Qhieu | ||
| 980 | |a Trung tâm Học liệu Trường Đại học Cần Thơ | ||